Vám patrí úcta

Bibliographic Details
Main Author: Martinček, Martin, 1913-2004 (Author)
Other Authors: Rúfus, Milan, 1928-2009 (Author of introduction, etc.)
Format: Book
Language:Slovak
PhysicalDescription:[124] strán fotografie 4°
Published: Banská Bystrica Stredoslovenské vydavateľstvo 1966
Series:Aktuality
Subjects:

MARC

LEADER 00000nam a2200000 a 4500
001 vtls008336548
003 SK-MaSNL
005 20260301123159.0
008 240322s1966 xo o g 000 1 slo
015 |a SKSNBA1966/12-02497 
035 |a SK01SNK19660028765 
035 |a SKM000031228 
040 |a SNK  |b slo  |c SNK  |e AACR2 
041 0 |a slo 
044 |a xo  |c SK 
080 |a 77  |2 2011 
245 1 0 |a Vám patrí úcta  |c Martin Martinček ; úvod Milan Rúfus 
260 |a Banská Bystrica  |b Stredoslovenské vydavateľstvo  |c 1966  |e Martin  |f Tlačiarne SNP 
300 |a [124] strán  |b fotografie  |c 4° 
366 |e 30000 výtlačkov 
490 1 |a Aktuality  |v zväzok 37 
500 |a Frontispice. Predsádky 
650 0 7 |a umelecká fotografia  |2 SNKPH  |9 29370 
655 7 |a fotografické publikácie  |2 SNKPH  |9 70483 
700 1 |a Rúfus, Milan,  |d 1928-2009  |4 aui  |9 108568 
700 1 |a Martinček, Martin,  |d 1913-2004  |4 aut  |9 92454 
830 0 |a Aktuality  |9 275567 
852 |a Slovenská národná knižnica v Martine  |b 10000  |h SB 13141 
919 |a viaz. 
958 |a TL 
958 |a RK 
958 |a OND 
999 |c 735339  |d 737269 
952 |a SNK  |b SNK  |y PREZ  |7 0  |p 17A1314856  |o snkSB 13141  |i snkKSP 834/67  |0 0  |1 0  |4 0  |d 2019-02-28  |l 0  |r 2025-03-12 00:00:00  |w 2026-02-23